000 00782 a2200205 4500
001 30197
005 20260407155613.0
008 260407a1968 arg spa d
003 AR-UNSa-BCEJYS
040 _aAR-UNSa-BCEJYS
_bspa
_cAR-UNSa-BCEJYS
080 _a657.474
_xTratamiento de los costos
245 1 0 _aControl de costes por método G.P
264 1 _aMadrid :
_bIberico Europea de Ediciones
_c1968
300 _a227 p.
_c22 cm.
505 _a 1. Conceptos previos - 2. Teoría del metodo G.P. - 3. Los gastos y cargas.Contablidad y extracontabilidad - 4. Aplicación del método G.P. - 5. Posibilidades del método G.P. - 6. Desarrollo del método G.P.
942 _cBK
590 _aniveau_biblio:m niveau_hierar:0
100 1 _aPerrin, G.
700 1 _aBronte Chueca, J.
999 _c2052
_d2052